British pharmacopoeia 2022 (Record no. 19187)
[ view plain ]
| 000 -LEADER | |
|---|---|
| fixed length control field | 00455nam a22001457a 4500 |
| 008 - FIXED-LENGTH DATA ELEMENTS--GENERAL INFORMATION | |
| fixed length control field | 170131b xxu||||| |||| 00| 0 eng d |
| 020 ## - INTERNATIONAL STANDARD BOOK NUMBER | |
| International Standard Book Number | 0113230006 |
| 040 ## - CATALOGING SOURCE | |
| Original cataloging agency | KABU |
| Transcribing agency | KABU |
| 050 ## - LIBRARY OF CONGRESS CALL NUMBER | |
| Classification number | RS141.3 |
| Item number | .B75 2022 v.ii c.1 |
| 245 ## - TITLE STATEMENT | |
| Title | British pharmacopoeia 2022 |
| 260 ## - PUBLICATION, DISTRIBUTION, ETC. (IMPRINT) | |
| Place of publication, distribution, etc. | London |
| Name of publisher, distributor, etc. | MHRA |
| Date of publication, distribution, etc. | 2022 |
| 300 ## - PHYSICAL DESCRIPTION | |
| Extent | 5 Vol (various paging) |
| 650 ## - SUBJECT ADDED ENTRY--TOPICAL TERM | |
| Topical term or geographic name as entry element | Phraracopoeias |
| Geographic subdivision | Great Britain |
| 942 ## - ADDED ENTRY ELEMENTS (KOHA) | |
| Source of classification or shelving scheme | Library of Congress Classification |
| Koha item type | General Collection |
| Classification part | RS141.3 .B75 2022 v.ii c.1 |
| Withdrawn status | Lost status | Source of classification or shelving scheme | Not for loan | Home library | Current library | Date acquired | Total Checkouts | Total Renewals | Full call number | Barcode | Checked out | Date last seen | Date last checked out | Price effective from | Koha item type |
|---|---|---|---|---|---|---|---|---|---|---|---|---|---|---|---|
| Library of Congress Classification | Kabarak, Main Campus | Kabarak, Main Campus | 07/02/2022 | 2 | 5 | RS141.3 .B75 2022 v.ii c.1 | 031541 | 04/09/2026 | 05/06/2023 | 05/06/2023 | 07/02/2022 | For long term loan School of Pharmacy | |||
| Library of Congress Classification | Kabarak, Main Campus | Kabarak, Main Campus | 07/02/2022 | 2 | 5 | RS141.3 .B75 2022 v.i c.1 | 031542 | 04/09/2026 | 05/06/2023 | 05/06/2023 | 07/02/2022 | For long term loan School of Pharmacy | |||
| Library of Congress Classification | Kabarak, Main Campus | Kabarak, Main Campus | 07/02/2022 | 2 | 5 | RS141.3 .B75 2022 v.iii c.1 | 031544 | 04/09/2026 | 05/06/2023 | 05/06/2023 | 07/02/2022 | For long term loan School of Pharmacy | |||
| Library of Congress Classification | Kabarak, Main Campus | Kabarak, Main Campus | 07/02/2022 | 2 | 5 | RS141.3 .B75 2022 V. V c.1 | 031545 | 04/09/2026 | 05/06/2023 | 05/06/2023 | 07/02/2022 | For long term loan School of Pharmacy | |||
| Library of Congress Classification | Kabarak, Main Campus | Kabarak, Main Campus | 07/02/2022 | 2 | 5 | RS141.3 .B75 2022 v. iv c.1 | 031546 | 04/09/2026 | 05/06/2023 | 05/06/2023 | 07/02/2022 | For long term loan School of Pharmacy |